00291nam a2200109Ia 4500008004100000082001400041100001300055245003300068260003900101300000800140650003300148191201s2018 xx 000 0 und d a614.1 JAP aJAIN, NK 0aPharmaceutical Jurisprudence bVallabh PrakashanaNew Delhic2018 a160 aPharmaceutical Jurisprudence